<?xml version="1.0" encoding="UTF-8"?>
<record
    xmlns:xsi="http://www.w3.org/2001/XMLSchema-instance"
    xsi:schemaLocation="http://www.loc.gov/MARC21/slim http://www.loc.gov/standards/marcxml/schema/MARC21slim.xsd"
    xmlns="http://www.loc.gov/MARC21/slim">

  <leader>00516    a2200169   4500</leader>
  <controlfield tag="003">OSt</controlfield>
  <controlfield tag="005">20240905124340.0</controlfield>
  <controlfield tag="008">231017b        |||||||| |||| 00| 0 eng d</controlfield>
  <datafield tag="040" ind1=" " ind2=" ">
    <subfield code="c">oclc</subfield>
  </datafield>
  <datafield tag="082" ind1=" " ind2=" ">
    <subfield code="a">297.124</subfield>
    <subfield code="b">GHA/T</subfield>
  </datafield>
  <datafield tag="100" ind1=" " ind2=" ">
    <subfield code="a">Ghafoor, Abdul O K</subfield>
    <subfield code="9">9735</subfield>
  </datafield>
  <datafield tag="245" ind1=" " ind2=" ">
    <subfield code="a">Thasqeelul Mirath bi sharahi muqaddimathil miskath /</subfield>
    <subfield code="c">Dr. O K Abdul Ghafoor</subfield>
  </datafield>
  <datafield tag="250" ind1=" " ind2=" ">
    <subfield code="a">3rd ed.</subfield>
  </datafield>
  <datafield tag="260" ind1=" " ind2=" ">
    <subfield code="a">Kottakkal:</subfield>
    <subfield code="b">Wafa Books,</subfield>
    <subfield code="c">2019.</subfield>
  </datafield>
  <datafield tag="300" ind1=" " ind2=" ">
    <subfield code="a">400p. ;</subfield>
  </datafield>
  <datafield tag="942" ind1=" " ind2=" ">
    <subfield code="2">ddc</subfield>
    <subfield code="c">BK</subfield>
    <subfield code="h">297.124</subfield>
    <subfield code="i">GHA/T</subfield>
    <subfield code="k">297.124</subfield>
    <subfield code="m">GHA/T</subfield>
  </datafield>
  <datafield tag="952" ind1=" " ind2=" ">
    <subfield code="0">0</subfield>
    <subfield code="1">0</subfield>
    <subfield code="2">ddc</subfield>
    <subfield code="4">0</subfield>
    <subfield code="7">0</subfield>
    <subfield code="8">HADITH</subfield>
    <subfield code="a">MES</subfield>
    <subfield code="b">MES</subfield>
    <subfield code="c">ARB</subfield>
    <subfield code="d">2023-10-17</subfield>
    <subfield code="l">0</subfield>
    <subfield code="o">297.124 GHA/T</subfield>
    <subfield code="p">42984</subfield>
    <subfield code="r">2023-10-17 10:53:53</subfield>
    <subfield code="v">280.00</subfield>
    <subfield code="w">2023-10-17</subfield>
    <subfield code="y">REF</subfield>
    <subfield code="z">U15R2</subfield>
  </datafield>
  <datafield tag="999" ind1=" " ind2=" ">
    <subfield code="c">42737</subfield>
    <subfield code="d">42737</subfield>
  </datafield>
</record>
